| 000 | 00547nam a22001817a 4500 | ||
|---|---|---|---|
| 005 | 20150124130623.0 | ||
| 008 | 140602t mxu||||| |||| 00| 0 spa d | ||
| 050 | 4 |
_aBD431 _bC65 1964 |
|
| 100 | 1 | _aRadhakrishnan, S., | |
| 245 | 1 | 3 |
_aEl Concepto del hombre : _bestudio de filosofia comparada / |
| 250 | _a1a ed. | ||
| 260 |
_aMéxico : _bFondo de Cultura Economica, _c1964 |
||
| 300 |
_a482 p. ; _c18 cm. |
||
| 490 |
_aBreviario ; _vno. 176 |
||
| 504 | _aInlcuye índice | ||
| 650 | 4 |
_aEl Hombre _xFilosofia Comparada |
|
| 942 |
_2ddc _cLIB |
||
| 999 |
_c53810 _d53810 |
||